Aplicación del currículo del nivel especial en la Escuela Especial Villa Olímpica, Santiago, República Dominicana. Período enero-mayo 2013. (Record no. 288)

MARC details
000 -LEADER
campo de control de longitud fija 02741nam a2200541Ia 4500
001 - NÚMERO DE CONTROL
campo de control 320
008 - DATOS DE LONGITUD FIJA--INFORMACIÓN GENERAL
campo de control de longitud fija 241029s9999 xx 000 0 und d
010 ## - NÚMERO DE CONTROL DE LA BIBLIOTECA DEL CONGRESO
Número de control de LC 288
041 ## - CÓDIGO DE IDIOMA
Código de lengua del texto/banda sonora o título independiente Español
082 ## - NÚMERO DE LA CLASIFICACIÓN DECIMAL DEWEY
Número de clasificación 2013/Bunevs.S15
245 #0 - MENCIÓN DEL TÍTULO
Título Aplicación del currículo del nivel especial en la Escuela Especial Villa Olímpica, Santiago, República Dominicana. Período enero-mayo 2013.
260 ## - PUBLICACIÓN, DISTRIBUCIÓN, ETC.
Lugar de publicación, distribución, etc. Santiago
300 ## - DESCRIPCIÓN FÍSICA
Extensión 98
520 ## - RESUMEN, ETC.
Sumario, etc. 36
520 ## - RESUMEN, ETC.
Sumario, etc. Revisando y consultando algunos libros de la Reforma del Sistema Educativo, para el diseño curricular referido por los diferentes niveles de enseñanza no universitaria, veremos de primera intención a la que se llega en el concepto de niños con necesidades especiales, que pueden estar justificada sociológicamente hablando, así se evitan etiquetas perjudiciales a los niños. El estudio realizado acerca de la aplicación del currículo del Nivel Especial en la Escuela Especial Villa Olímpica, Santiago, República Dominicana, período enero-mayo, 2013.    En gran parte, la cantidad de niños que poseen dificultad de aprendizaje, por padecer problemas fisiológicos como el Síndrome de Down, entre otros; ocurren eventos peligrosos para la salud mental. El profesorado no cuenta con las herramientas metodológicas adecuadas para el nivel de aprendizaje para estos niños especiales.La metodología empleada fue la observación científica, inductiva y deductiva documental. Las variables empleadas fueron la evaluación, valoración de necesidades, ambiente, aplicación y revisión. Se concluyó que, de acuerdo a la problemática y las necesidades especiales, el Centro necesita mayor número de docentes y capacitación psicopedagógicas para atender las necesidades de los alumnos de la Escuela Especial Villa Olímpica.  
630 ## - PUNTO DE ACCESO ADICIONAL DE MATERIA--TÍTULO UNIFORME
Título uniforme Aprendizaje Significativo
630 ## - PUNTO DE ACCESO ADICIONAL DE MATERIA--TÍTULO UNIFORME
Título uniforme Educación Especial
630 ## - PUNTO DE ACCESO ADICIONAL DE MATERIA--TÍTULO UNIFORME
Título uniforme Estudiantes
650 ## - PUNTO DE ACCESO ADICIONAL DE MATERIA--TÉRMINO DE MATERIA
Término de materia o nombre geográfico como elemento de entrada Curriculum
690 ## - PUNTO DE ACCESO ADICIONAL DE MATERIA LOCAL--TÉRMINO DE MATERIA (OCLC, RLIN)
Término de materia o nombre geográfico como elemento inicial Copiado sin cambios
700 ## - ENTRADA AGREGADA--NOMBRE PERSONAL
Término indicativo de función/relación asesor
Nombre de persona Mena, Miriam
700 ## - ENTRADA AGREGADA--NOMBRE PERSONAL
Término indicativo de función/relación autor
Nombre de persona Santos, Paula
901 ## - ELEMENTOS DE DATOS A LOCAL LDA (RLIN)
a {"1":"Santos"}
b {"1":"Paula"}
902 ## - ELEMENTOS DE DATOS B LOCAL, LDB (RLIN)
a 1
903 ## - ELEMENTOS DE DATOS C LOCAL, LDC (RLIN)
a {"1":"Mena"}
b {"1":"Miriam"}
904 ## - ELEMENTOS DE DATOS D LOCAL, LDD (RLIN)
a Magíster en
905 ## - ELEMENTOS DE DATOS E LOCAL, LDE (RLIN)
a Gestión Educativa
906 ## - ELEMENTOS DE DATOS F LOCAL, LDF (RLIN)
a 2
907 ## - ELEMENTOS DE DATOS G LOCAL, LDG (RLIN)
a NO APLICA
908 ## - COLOCAR PARÁMETRO DE COMANDO (RLIN)
Colocar parámetro de comando NO APLICA
909 ## -
-- Universidad Nacional Evangélica (UNEV), Recinto Santiago
910 ## - DATOS DE OPCIÓN DEL USUARIO (OCLC)
Datos de opción del usuario NULL
-- NULL
911 ## - EQUIVALENCIA O REFERENCIA-CRUZADA-NOMBRE DE CONFERENCIA O REUNIÓN/CONGRESO [LOCAL, CANADÁ]
Nombre de congreso/reunión o jurisdicción como elemento de entrada ["1"]
912 ## -
-- NO APLICA
913 ## -
-- NULL
914 ## -
-- 01 de Noviembre de 2013
915 ## -
-- 13/11/19 09:11
916 ## -
-- NULL
917 ## -
-- NULL
918 ## -
-- Educación especial
919 ## -
-- ["20","76","96"]
921 ## -
-- 11
922 ## -
-- 11
923 ## -
-- 0
924 ## -
-- NO APLICA
942 ## - ELEMENTOS DE ENTRADA SECUNDARIOS (KOHA)
Tipo de ítem Koha

No items available.

© 2024. Todos los Derechos Reservados. Desarrollado por IDEICE